00790cam a2200253 a 45000010009000000050017000090080041000260100017000670200031000840200028001150400013001430410008001560430012001640800016001760820020001921000007002121010008002192450069002275040051002969060045003479420012003929990017004049520115004211550369520180206041857.0081029s2008 mau b 001 0 eng  a 2008047487 a9780073526270 (alk. paper) a0073526274 (alk. paper) aDLCcDLC aeng an-us--- a320.473 HAR00a320.473 HAR222 a19 aPOL00aAmerican democracy now /cBrigid Callahan Harrison ... [et al.]. aIncludes bibliographical references and index. a7bcbccorignewd1eecipf20gy-gencatlg 2ddccBK c41885d41885 00102udc40708PËKGa002b002cPËKGd2018-02-06l0o320.473 HARp002-2999326r2018-02-06w2018-02-06yBK